000 00361 a2200157 4500
001 58617
020 _a8508073089
040 _cAnchieta - Pituba
100 _aOliveri, Antonio Carlos
240 1 0 _aCronistas do descobrimento
_lpor
245 1 0 _aCronistas do descobrimento
300 _a150
362 0 _a1999
650 4 _aCrônica brasileira
942 _cBK
999 _c58617
_d58617